1452 1508 1160 1209 1495 1978 1618 1596 1411 1270 1417 1670 1801 1245 1184 1151 1151 1992 1353 1567 1121 1798 1428 1129 1747 1523 1352 1434 1632 1509 1595 1452 1320 1057 1645 1522 1169 1506 1712 1436 1035 1623 1152 1539 1737 1601 1709 1077 1497 1703 1760 1908 1544 1526 1049 1716 1923 1472 1395 1860 1059 1464 1513 1799 1677 1151 1727 1365 1473 1527 1854 1608 1580 1852 1091 1107 1171 1920 1113 1695 1220 1225 1906 1218 1482 1903 1988 1112 1591 1543 1675 1834 1222 1531 1472 1125 1073 1640 1942 BCNSPRNW ULIB Ver.6.0+V

เปลี่ยนเป็นภาษาไทย

Change to English
 แสดงรายละเอียดบรรณานุกรม
  กลับหน้าหลัก

Brief Record : Get Marc (ISO 2709) : E-mail record : QR code < ปิดหน้าต่าง
LEADER : 00000nam 2200000uu 4500
001    13399125992
003     ULIB
008    171207s2558||||th 000 0 tha d
020    ^a978-616-413-377-8
050    ^aBQ4570^bข17ส
100    ^aขวัญ เพียงหทัย
245    ^aสันติสุขในดวงใจ
260    ^aกรุงเทพฯ :^bเรือนธรรม,^c2558
300    ^a216 หน้า : ภาพประกอบ หน้า
650    ^aจิตวิทยาประยุกต์^bเบ็ดเตล็ด^x^aชื่อเรื่อง
945    ^p0^l0^i003416
999    ^aประนอม เกษจรัล
รายการนี้ยังไม่มีแท็ก
คุณยังไม่ได้ล็อกอิน คุณสามารถมีกิจกรรมร่วมกับเว็บไซต์ได้ แต่ต้องล็อกอินก่อน ::
  ล็อกอิน

รายการสื่อสารสนเทศ

ลำดับที่ ประเภท เลขเรียก/บาร์โค้ด สถานที่ สถานะ
1. การศึกษาทั่วไป
การศึกษาทั่วไป
BQ4570 ข17ส ฉ.1 
  Barcode: 003416
ห้องสมุดวิทยาเขตสวรรค์ประชารักษ์
►หนังสือทั่วไป
บนชั้น

รายการใกล้เคียง
    ผู้แต่ง [ขวัญ เพียงหทัย]

BibComment


ยังไม่เคยถูกคอมเมนท์

คอมเมนท์ทรัพยากรรายการนี้
  คอมเมนท์: สันติสุขในดวงใจ


 Copyright 2026. Bcnsprnw @Library